000 00421nam a2200181Ia 4500
001 16588
005 20260306170320.0
008 260306t2012||||xx |||||||||||||| ||und||
041 _aESP
082 _a348.8
_bA89
100 _aÁvalos Jara, Oxal Víctor
_eAUT
245 0 _aEl amparo laboral
260 _c2012
300 _a247 páginas :
_c24 cm.
650 _aGEN
654 _aCDE
942 _cLIB
_dJUS
_fJUS
_2ddc
_n
999 _c16588
_d16588